Languages of Portugal Quiz (with map) - Statistics

General Stats
  • This quiz has been taken 1,577 times
  • The average score is 3 of 5
Answers on the Map
Answers color-coded by a green-red scale on the quiz's map according to % correct below.
 
Answer Stats
Answer % Correct
Portuguese
99%
Galician
74%
Mirandese
62%
Barranquenho
40%
Minderico
6%
No matching quizzes found
Score Distribution
Percent of People with Each Score
Percentile by Number Answered
Your Score History
You have not taken this quiz